The tectonics of North America; (Record no. 30529)

MARC details
000 -LEADER
fixed length control field 00993cam a2200265 4500
001 - CONTROL NUMBER
control field gs 68000324
003 - CONTROL NUMBER IDENTIFIER
control field DLC
005 - DATE AND TIME OF LATEST TRANSACTION
control field 20260227111423.0
008 - FIXED-LENGTH DATA ELEMENTS--GENERAL INFORMATION
fixed length control field 700127s1969 dcub b 00010 eng c
010 ## - LIBRARY OF CONGRESS CONTROL NUMBER
LC control number gs 68000324 //r85
040 ## - CATALOGING SOURCE
Original cataloging agency U.S. Geological Survey Library
050 0# - LIBRARY OF CONGRESS CALL NUMBER
Classification number QE75
Item number .P9 no. 628
051 ## - LIBRARY OF CONGRESS COPY, ISSUE, OFFPRINT STATEMENT
Classification number QE71
Item number .K56
Copy information Copy 2.
082 ## - DEWEY DECIMAL CLASSIFICATION NUMBER
Classification number 551.8/097
100 10 - MAIN ENTRY--PERSONAL NAME
Personal name King, Philip Burke,
Dates associated with a name 1903-
245 14 - TITLE STATEMENT
Title The tectonics of North America;
Remainder of title a discussion to accompany the Tectonic map of North America, scale 1:5,000,000,
Statement of responsibility, etc. by Philip B. King.
260 0# - PUBLICATION, DISTRIBUTION, ETC.
Place of publication, distribution, etc. Washington,
Name of publisher, distributor, etc. U.S. Govt. Print. Off.,
Date of publication, distribution, etc. 1969.
300 ## - PHYSICAL DESCRIPTION
Extent iv, 95 p.
Other physical details maps.
Dimensions 29 cm.
490 1# - SERIES STATEMENT
Series statement Geological Survey professional paper 628
504 ## - BIBLIOGRAPHY, ETC. NOTE
Bibliography, etc. note Bibliography: p. 87-94.
650 #0 - SUBJECT ADDED ENTRY--TOPICAL TERM
Topical term or geographic name entry element Geology
Geographic subdivision North America.
710 20 - ADDED ENTRY--CORPORATE NAME
Corporate name or jurisdiction name as entry element International Geological Congress.
Subordinate unit Commission for the Geological Map of the World.
730 #1 - ADDED ENTRY--UNIFORM TITLE
Uniform title Tectonic map of North America.
830 #0 - SERIES ADDED ENTRY--UNIFORM TITLE
Uniform title Geological Survey professional paper ;
Volume/sequential designation 628.

No items available.

Powered by Koha